Del imperio mediático al realismo político /

সংরক্ষণ করুন:
গ্রন্থ-পঞ্জীর বিবরন
প্রধান লেখক: Reina O, Alexander
বিন্যাস: পাঠ‍্য
বিষয়গুলি:
ট্যাগগুলো: ট্যাগ যুক্ত করুন
কোনো ট্যাগ নেই, প্রথমজন হিসাবে ট্যাগ করুন!

MARC

LEADER 00000 a a2200000 04500
001 11004
003
040
100 |a Reina O, Alexander  
245 |a Del imperio mediático al realismo político /  |c Alexander Reina O 
650 |a VOTACION  
650 |a PARTICIPACION POLITICA  
650 |a MEDIOS DE COMUNICACION  
773 |g volumen 4, número 12; páginas 139-191  
999 |c 30332  |d 30332